| 000 | 00762nam a2200205Ia 4500 | ||
|---|---|---|---|
| 003 | OSt | ||
| 005 | 20260627113631.0 | ||
| 008 | 210210b2004 xxu||||| |||| 00| 0 eng d | ||
| 040 | _cAL | ||
| 041 | _aKannada | ||
| 082 | _a398.2K KARY | ||
| 100 |
_aKARANTA PERAJE (Na). _dಕಾರಂತ ಪೆರಾಜೆ (ನಾ) _9266037 |
||
| 245 |
_aYakshagana bhagavata Dasarabailu Chaniya Naikara nenapinalli: yakshakogile. _bಯಕ್ಷಗಾನ ಭಾಗವತ ದಾಸರಬೈಲು ಚನಿಯ ನಾಯ್ಕರ ನೆನಪಿನಲ್ಲಿ: ಯಕ್ಷಕೋಗಿಲೆ |
||
| 260 |
_aPutturu _bYakshasaurabha _c2004 |
||
| 300 | _a100 | ||
| 650 |
_aDasarabailu Chaniya Naika _9266038 |
||
| 690 |
_aFolklore _9266039 |
||
| 906 | _a060367 | ||
| 942 |
_2ddc _cBK |
||
| 999 |
_c107313 _d107313 |
||